|
|
|
|
| LEADER |
00000nam a22000007a 4500 |
| 005 |
20191005001328.0 |
| 007 |
cr|||| |||| |
| 008 |
191005s2019 fr |||||s|||| 00||0 fra d |
| 020 |
|
|
|a 9786138484158
|
| 035 |
|
|
|a 29344
|
| 040 |
|
|
|a vLex
|
| 090 |
|
|
|c 9727
|d 9727
|
| 100 |
1 |
|
|a Nouali, Soufian
|
| 245 |
1 |
2 |
|a Le mensonge en droit pňal des affaires
|h [Recurso electrn̤ico] /
|c Soufian Nouali
|
| 256 |
|
|
|a Servicio en ln̕ea
|
| 260 |
|
|
|a Pars̕:
|b Éditions Universitaires Europěnes,
|c 2019
|
| 300 |
|
|
|a 1 recurso electrn̤ico
|
| 500 |
|
|
|a La pršente ťude revt̊ un caractr̈e plus ou moins mixte, que ce soit au niveau du droit pňal spčial ou du droit pňal des affaires, en abordant bien entendu les infractions ̉caractr̈e mensonger. Le champ d’ťude du pršent livre, est caractřis ̌par les infractions dont l’ľm̌ent matřiel repose sur un mensonge, et qui sont rp̌riměs par une sanction pňale. Peu importe que le mensonge soit ou n’est point ňonc ̌dans le texte d’incrimination, le plus important c’est que le comportement rp̌rim ̌correspond ̉la df̌inition du mensonge donn ̌dans cette ťude. L’objectif ťant de dv̌oiler le mot ± mensonge » qui dľimite les infractions en question.
|
| 506 |
1 |
|
|a Disponible solo en los productos indicados
|d vLex Global
|d vLex Global (Academic Edition, excluding Law Schools)
|d vLex Global (U.S. Academic Edition, Law Schools)
|d vLex Global (U.S. Academic Edition, excluding Law Schools)
|d vLex Global (Academic Edition, Law Schools)
|
| 650 |
0 |
4 |
|a Derecho Penal
|z Francia
|
| 740 |
0 |
|
|a vLex Libros (Servicio en ln̕ea)
|
| 856 |
4 |
0 |
|u http://vlex.com/source/29344
|z Acceso restringido
|
| 942 |
|
|
|c BOOK
|
| 999 |
0 |
|
|a Criminal law
|